Plastics Materials and Processes : (Record no. 32116)
[ view plain ]
| 000 -LEADER | |
|---|---|
| fixed length control field | 01770cam a22003374a 4500 |
| 001 - CONTROL NUMBER | |
| control field | 4268153 |
| 003 - CONTROL NUMBER IDENTIFIER | |
| control field | OSt |
| 005 - DATE AND TIME OF LATEST TRANSACTION | |
| control field | 20211125104409.0 |
| 008 - FIXED-LENGTH DATA ELEMENTS--GENERAL INFORMATION | |
| fixed length control field | 030818s2003 njua e 001 0 eng |
| 010 ## - LIBRARY OF CONGRESS CONTROL NUMBER | |
| LC control number | 2003009475 |
| 020 ## - INTERNATIONAL STANDARD BOOK NUMBER | |
| International Standard Book Number | 0471456039 |
| 035 ## - SYSTEM CONTROL NUMBER | |
| System control number | (OCoLC)52133079 |
| 035 ## - SYSTEM CONTROL NUMBER | |
| System control number | (OCoLC)ocm52133079 |
| 035 ## - SYSTEM CONTROL NUMBER | |
| System control number | (NNC)4268153 |
| 038 ## - RECORD CONTENT LICENSOR | |
| Staff Name | Khadija |
| 040 ## - CATALOGING SOURCE | |
| Original cataloging agency | DLC |
| Transcribing agency | DLC |
| Modifying agency | DLC |
| -- | NNC |
| -- | OrLoB-B |
| 042 ## - AUTHENTICATION CODE | |
| Authentication code | pcc |
| 050 00 - LIBRARY OF CONGRESS CALL NUMBER | |
| Classification number | TP1110 |
| Item number | .H42 2003 |
| 082 00 - DEWEY DECIMAL CLASSIFICATION NUMBER | |
| Classification number | 668.403 |
| Edition number | 21 |
| Author Mark | HAR |
| 100 1# - MAIN ENTRY--PERSONAL NAME | |
| Personal name | Harper, Charles A. |
| 9 (RLIN) | 85089 |
| 245 10 - TITLE STATEMENT | |
| Title | Plastics Materials and Processes : |
| Remainder of title | A Concise Encyclopedia / |
| Statement of responsibility, etc. | Charles A. Harper, Edward M. Petrie. |
| 260 ## - PUBLICATION, DISTRIBUTION, ETC. | |
| Place of publication, distribution, etc. | Hoboken, N.J. : |
| Name of publisher, distributor, etc. | Wiley-Interscience, |
| Date of publication, distribution, etc. | c2003. |
| 300 ## - PHYSICAL DESCRIPTION | |
| Extent | xxxii, 974 p. : |
| Other physical details | ill. ; |
| Dimensions | 25 cm. |
| 500 ## - GENERAL NOTE | |
| General note | Includes index. |
| 520 1# - SUMMARY, ETC. | |
| Summary, etc. | "The broad range of professionals involved in plastics and related industries requires a comprehensive, accessible resource on these ubiquitous materials that foregoes cumbersome, technical jargon. Plastics Materials and Processes: A Concise Encyclopedia defines materials, processes, properties, test methods, and other useful information in a straightforward and efficient manner." "Intended for general managers, executives, purchasing and manufacturing personnel, supervisors, engineers, and students, this comprehensive guide will be useful to anyone involved in product design, development, application, manufacturing, marketing, or other periphery functions in the plastics industry. Plastics Materials and Processes provides a concise reference to an extraordinary volume of pertinent material."--BOOK JACKET. |
| 563 ## - BINDING INFORMATION | |
| Binding note | HB |
| 650 #0 - SUBJECT ADDED ENTRY--TOPICAL TERM | |
| Topical term or geographic name entry element | Plastics |
| Form subdivision | Encyclopedias. |
| 9 (RLIN) | 85090 |
| 700 1# - ADDED ENTRY--PERSONAL NAME | |
| Personal name | Petrie, Edward M. |
| 9 (RLIN) | 85091 |
| 900 ## - EQUIVALENCE OR CROSS-REFERENCE-PERSONAL NAME [LOCAL, CANADA] | |
| Numeration | TOC |
| 942 ## - ADDED ENTRY ELEMENTS (KOHA) | |
| Source of classification or shelving scheme | |
| Koha item type | Book |
| Withdrawn status | Lost status | Source of classification or shelving scheme | Damaged status | Not for loan | Permanent Location | Current Location | Shelving location | Date acquired | Full call number | Barcode | Date last seen | Price effective from | Koha item type |
|---|---|---|---|---|---|---|---|---|---|---|---|---|---|
| School of Mechanical & Manufacturing Engineering (SMME) | School of Mechanical & Manufacturing Engineering (SMME) | General Stacks | 07/24/2015 | 668.403 HAR | SMME-837 | 03/27/2018 | 07/24/2015 | Book |
